_Electrical principles for technicians V2 Theory,worked out examples and tutorial problems (Record no. 6365)
[ view plain ]
| 000 -LEADER | |
|---|---|
| fixed length control field | 00451nam a2200145Ia 4500 |
| 008 - FIXED-LENGTH DATA ELEMENTS--GENERAL INFORMATION | |
| fixed length control field | 151021s9999 xx 000 0 und d |
| 020 ## - INTERNATIONAL STANDARD BOOK NUMBER | |
| International Standard Book Number | 9966467629 |
| 050 ## - LIBRARY OF CONGRESS CALL NUMBER | |
| Classification number | TK145.O271993 |
| 245 ## - TITLE STATEMENT | |
| Title | _Electrical principles for technicians V2 Theory,worked out examples and tutorial problems |
| 260 ## - PUBLICATION, DISTRIBUTION, ETC. (IMPRINT) | |
| Place of publication, distribution, etc. | Nairobi EAEP 1993 |
| 300 ## - PHYSICAL DESCRIPTION | |
| Extent | 187p;ill. |
| 500 ## - GENERAL NOTE | |
| General note | Includes answers |
| 650 ## - SUBJECT ADDED ENTRY--TOPICAL TERM | |
| Topical term or geographic name as entry element | _Electrical principles |
| 980 ## - EQUIVALENCE OR CROSS-REFERENCE-SERIES STATEMENT--PERSONAL NAME/TITLE [LOCAL, CANADA] | |
| Personal name | ^d20110121 01:15:56^okorir |
No items available.